000 00381nam a2200133Ia 4500
008 191014s9999 xx 000 0 und d
020 _a2-540-07860-6
082 _a530.12
_bSIM
100 _aD.J.Simms,N.M.J.Woodhouse
_920367
245 0 _aLectures on Geometric Quantization
260 _aNew York
_bSpringer -Verlag Berlin -New York
_c1966
300 _aPeg,166
942 _cBK
999 _c530944
_d530944